000 00924nas a2200313 4500
001 BR2013005204
003 BR-BrBNA
005 20231205122556.0
007 ta
008 230509b bl.|||p| |||| 00| 00por d
040 _aBR-BrBNA
_bpor
_cBiblioteca Nacional de Agricultura
041 _a(En)
072 _aL72
100 1 _aPinheiro, M. da C.
100 1 _aSá, I.J.B. de
100 1 _aRibeiro, C.C.D.U.
100 1 _aMartins, C.D.
100 1 _aRaia, V. de A.
100 1 _aFamadas, K.M.
245 1 _aPrognosing the sex of adults of Amblyomma auricularium through evaluating the biological parameters of engorged nymphs
650 _aCARRAPATO
650 _aNINFA
650 _aPARASITO
650 _aPESO
650 _aSEXO
773 0 _tCiência Rural (Brazil)
_xISSN 0103-8478
_g(Apr 2013), v. 43(4) p. 662-667
_wBR2013005204
909 _a202311
_bLúcia
_c55
_dLúcia Elande
942 _2AGRIS
_n0
_cANA
999 _c229370
_d229370